000 00537nab a2200145Ia 4500
003 ES-SlBCS
005 20210601133736.0
008 140529s2001 xxu||||| |||| 00| 0 por d
041 _apor
100 1 _aCosta e Silva, Gildemarks
_9209034
245 0 0 _aO Problema da Autonomia da Educaçao no Pensamento de Saviani: uma contribuiçao para a relaçao Educaçao e Filosofia
_c Gildemarks Costa E Silva
600 1 4 _aSaviani, Dermeval
_965034
773 0 _tEducaçao e Filosofia
_gvol. 15, nº. 29, 2001, págs. 49-75
_wRev1534
942 _cAR
999 _c601381
_d601381